Ingrédients d’un gâteau basique - Statistiques

Statistiques générales
  • Ce quiz a été pris 976 fois
  • Le résultat moyen est 7 sur 8
Statistiques - réponses
Ingrédient % Correct
Farine
99%
Oeuf
99%
Sucre
98%
Levure
93%
Lait
89%
Beurre
77%
Sel
62%
Vanille
49%
Aucun quiz correspondant
Distribution des résultats
% des personnes avec chaque résultat
Percentile par nombre de réponses
Votre historique - résultats
Vous n’avez pas pris ce quiz